La formación de formadores en educación media y básica en los países del Convenio Andrés Bello
Na minha lista:
| Main Authors: | , |
|---|---|
| Formato: | Livro |
| Idioma: | espanhol |
| Publicado em: |
Bogotá
Universidad Nacional de Educación
2000
|
| Colecção: | Ciencia y Tecnología, 92
|
| Assuntos: | |
| Tags: |
Adicionar Tag
Sem tags, seja o primeiro a adicionar uma tag!
|
MARC
| LEADER | 00000nam a2200000 a 4500 | ||
|---|---|---|---|
| 001 | UCO7449 | ||
| 003 | CL-VaPUC | ||
| 005 | 20231109073951.0 | ||
| 008 | 001117e20000000ck 1 spa d | ||
| 082 | 0 | 4 | |a 371.12 |b QUI |2 21 |
| 100 | 1 | |a Quito Vidal, Moisés |e author |9 619814 | |
| 700 | 1 | |a Campo Cabal, Alvaro |e author |9 619815 | |
| 245 | 1 | 3 | |a La formación de formadores en educación media y básica en los países del Convenio Andrés Bello |
| 260 | |a Bogotá |b Universidad Nacional de Educación |c 2000 | ||
| 300 | |a 278 p | ||
| 490 | 0 | |a Ciencia y Tecnología, 92 | |
| 583 | |a last modification |c 20001117 00:00:00 |k Rodrigo Vera | ||
| 650 | 0 | 0 | |a Formación profesional de profesores |9 307493 |
| 650 | 0 | 0 | |a Profesores |9 308968 |
| 650 | 0 | 0 | |a Educación básica |9 224933 |
| 650 | 0 | 0 | |a Capacitación docente |9 312871 |
| 942 | |c BK | ||
| 945 | |a cmena |d 20001117 00:00:00 | ||
| 546 | |a En Español | ||
| 518 | |p Encuentro de Universidades Pedagógicas, Redes y Facultyades de Educación, Lima, 8 al 12 de Diciembre de 1999 | ||
| 999 | |c 383601 |d 383599 | ||
| 952 | |0 0 |1 0 |4 0 |6 371_120000000000000_QUI_2000 |7 0 |8 A |9 505780 |a BIBEDU |b BIBEDU |d 2020-01-23 |i 366547K |o 371.12 QUI 2000 |p 366547K |r 2020-01-23 |w 2020-01-23 |y BK |k BME | ||